[Event "XXXIII Memorial Edoardo Crespi Magistrale"]
[Site "Milano ITA"]
[Date "2012.12.04"]
[Round "4"]
[White "Quaranta, Cristiano"]
[Black "Marholev, Dimitar"]
[WhiteElo "2102"]
[BlackElo "2313"]
[Result "1/2-1/2"]
[PlyCount "34"]
[EventDate "2012.12.01"]

1. d4 Nf6 2. c4 c5 3. d5 e6 4. Nc3 exd5 5. cxd5 d6 6. Nf3 g6 7. Bf4 a6 8. a4
Bg7 9. h3 O-O 10. e3 Ne8 11. Nd2 Nd7 12. Nc4 Nb6 13. Na3 Bd7 14. a5 Nc8 15. Nc4
Bb5 16. Qb3 Bxc4 17. Bxc4 b5 1/2-1/2

[Event "XXXIII Memorial Edoardo Crespi Magistrale"]
[Site "Milano ITA"]
[Date "2012.12.04"]
[Round "4"]
[White "Rambaldi, Francesco"]
[Black "Rettore, Ludwig"]
[WhiteElo "2308"]
[BlackElo "2115"]
[Result "1/2-1/2"]
[PlyCount "150"]
[EventDate "2012.12.01"]

1. d4 f5 2. g3 Nf6 3. Bg2 g6 4. Nh3 Bg7 5. Nf4 e6 6. b3 d6 7. Bb2 Qe7 8. Nc3 c6
9. e4 fxe4 10. Nxe4 Nxe4 11. Bxe4 Nd7 12. Qe2 Nf6 13. Bg2 O-O 14. O-O e5 15.
dxe5 dxe5 16. Bxe5 Bf5 17. Rfe1 Rfe8 18. Qc4+ Qf7 19. Qxf7+ Kxf7 20. Bf1 Rxe5
21. Rxe5 Nd5 22. Rxd5 Bxa1 23. Rd1 Bc3 24. Bd3 Rd8 25. Bc4+ Ke7 26. Rxd8 Kxd8
27. Bd3 Bg4 28. h3 Bd7 29. g4 Ke7 30. Ne2 Bg7 31. Kg2 Kd6 32. f4 b5 33. Kf3 c5
34. c4 Bc6+ 35. Be4 bxc4 36. bxc4 Bd7 37. h4 Be6 38. Bd3 Bf7 39. Ng3 Kc6 40.
Ne4 h6 41. g5 h5 42. Ng3 Bc3 43. f5 gxf5 44. Nxf5 Kd7 45. Ng3 Be1 46. g6 Bg8
47. Nf5 Bd2 48. Ng3 Be1 49. Nf5 Bd2 50. Ng7 Be1 51. Nxh5 Bxh4 52. Kg4 Bd8 53.
Ng3 Ke6 54. Ne4 Be7 55. Kf4 Bf8 56. a4 a5 57. Bf1 Bh6+ 58. Kg4 Bf8 59. Kf4 Bh6+
60. Kg4 Bf8 61. Nd2 Ke5 62. Be2 Be6+ 63. Kg5 Bd7 64. Bd1 Bg7 65. Bc2 Kd4 66.
Nb3+ Kxc4 67. Nxa5+ Kb4 68. Nb7 Bc6 69. Nd8 Bxa4 70. Be4 c4 71. Ne6 Bh8 72. Kh6
c3 73. g7 Bxg7+ 74. Kxg7 c2 75. Bxc2 Bxc2 1/2-1/2

[Event "XXXIII Memorial Edoardo Crespi Magistrale"]
[Site "Milano ITA"]
[Date "2012.12.04"]
[Round "4"]
[White "Ricci, Marco"]
[Black "Mundorf, Johannes"]
[WhiteElo "2084"]
[BlackElo "2200"]
[Result "1/2-1/2"]
[PlyCount "49"]
[EventDate "2012.12.01"]

1. e4 e6 2. d4 d5 3. Nd2 Nc6 4. Ngf3 Nf6 5. e5 Nd7 6. Nb3 a5 7. a4 Be7 8. Bb5
Na7 9. Bd3 b6 10. Be3 c5 11. c4 Bb7 12. O-O Rc8 13. Rc1 dxc4 14. Bxc4 O-O 15.
d5 exd5 16. Bxd5 Bxd5 17. Qxd5 Nb8 18. Qe4 Qd7 19. Ng5 Bxg5 20. Bxg5 Qe6 21.
Nd2 Nac6 22. f4 Nd7 23. Rfe1 Nd4 24. Bh4 Rfe8 25. Bf2 1/2-1/2

[Event "XXXIII Memorial Edoardo Crespi Magistrale"]
[Site "Milano ITA"]
[Date "2012.12.04"]
[Round "4"]
[White "Salmoiraghi, Angelo"]
[Black "Tramalloni, Luca"]
[WhiteElo "2174"]
[BlackElo "2087"]
[Result "1/2-1/2"]
[PlyCount "55"]
[EventDate "2012.12.01"]

1. c4 Nf6 2. g3 e6 3. Bg2 c5 4. Nf3 a6 5. O-O Qc7 6. Nc3 b6 7. d4 cxd4 8. Nxd4
Bb7 9. Bf4 Qc8 10. e4 d6 11. Nde2 Qc7 12. Qd2 Nbd7 13. Rfd1 Ne5 14. b3 Be7 15.
Rac1 O-O 16. h3 Rac8 17. Be3 Ned7 18. f3 Qb8 19. Qe1 Rfe8 20. Qf2 Ba8 21. Nd4
Bf8 22. Kh2 Nc5 23. b4 Ncd7 24. Na4 Ne5 25. Qe2 Ned7 26. Qf2 Ne5 27. Qe2 Ned7
28. Qf2 1/2-1/2

[Event "XXXIII Memorial Edoardo Crespi Magistrale"]
[Site "Milano ITA"]
[Date "2012.12.04"]
[Round "4"]
[White "Sanchez, Joseph"]
[Black "Valsecchi, Alessio"]
[WhiteElo "2533"]
[BlackElo "2422"]
[Result "1-0"]
[PlyCount "83"]
[EventDate "2012.12.01"]

1. e4 c6 2. d4 d5 3. e5 c5 4. Nf3 Nc6 5. c4 cxd4 6. Nxd4 e6 7. Nc3 Bb4 8. Nxc6
bxc6 9. Qa4 a5 10. a3 Bxc3+ 11. bxc3 Ne7 12. Bd3 Ba6 13. O-O O-O 14. Be3 dxc4
15. Bxc4 Bxc4 16. Qxc4 Qd5 17. Qxd5 Nxd5 18. Bc5 Rfd8 19. c4 Nc3 20. Bd6 f5 21.
Rfe1 Ne4 22. c5 a4 23. Rab1 Ra7 24. Rb6 Rc8 25. Rc1 Nd2 26. f3 Ra5 27. h4 h5
28. Rc2 Nb3 29. Rc4 Kh7 30. Kh2 Kh6 31. Rb7 Nd2 32. Rcb4 Re8 33. Rc7 Rb5 34.
Rxa4 Nf1+ 35. Kh3 Ne3 36. Be7 Rxe7 37. Rxe7 Rxc5 38. Rxe6+ Kh7 39. Kg3 Rc2 40.
Kf4 Nd5+ 41. Kxf5 g6+ 42. Ke4 1-0

[Event "XXXIII Memorial Edoardo Crespi Magistrale"]
[Site "Milano ITA"]
[Date "2012.12.04"]
[Round "4"]
[White "Sardo, Gabriele"]
[Black "Aleksic, Nenad"]
[WhiteElo "2178"]
[BlackElo "2347"]
[Result "1/2-1/2"]
[PlyCount "89"]
[EventDate "2012.12.01"]

1. d4 Nf6 2. c4 e6 3. Nc3 Bb4 4. e3 b6 5. Bd3 Bb7 6. Nf3 Ne4 7. Qc2 f5 8. O-O
Bxc3 9. bxc3 O-O 10. Nd2 Qh4 11. f3 Nxd2 12. Bxd2 Nc6 13. c5 d6 14. d5 Ne5 15.
c6 Bc8 16. c4 Nxd3 17. Qxd3 a5 18. f4 exd5 19. Qxd5+ Rf7 20. Bc3 Qe7 21. Rf3
Qe4 22. Rg3 Be6 23. Qxe4 fxe4 24. Rc1 g6 25. h4 Rf5 26. a3 Rh5 27. Be1 Rf8 28.
Rg5 Rxg5 29. hxg5 Rf5 30. c5 Rxc5 31. Rxc5 dxc5 32. Bc3 a4 33. Be5 b5 34. Bxc7
b4 35. Bd6 bxa3 36. Bxc5 a2 37. Bd4 Kf7 38. Kf2 Bg4 39. Ke1 Ke6 40. c7 Kd7 41.
Be5 a1=Q+ 42. Bxa1 Kxc7 43. Kd2 Kc6 44. Bb2 Kd5 45. Kc3 1/2-1/2

[Event "XXXIII Memorial Edoardo Crespi Magistrale"]
[Site "Milano ITA"]
[Date "2012.12.04"]
[Round "4"]
[White "Shishkin, Vadim"]
[Black "Solodovnichenko, Yuri"]
[WhiteElo "2501"]
[BlackElo "2557"]
[Result "1/2-1/2"]
[PlyCount "46"]
[EventDate "2012.12.01"]

1. c4 c5 2. Nc3 Nf6 3. Nf3 e6 4. g3 b6 5. Bg2 Bb7 6. O-O d6 7. d4 cxd4 8. Qxd4
Be7 9. Rd1 a6 10. b3 Nbd7 11. e4 Qc8 12. Ba3 Nc5 13. e5 Bxf3 14. Bxf3 dxe5 15.
Qxe5 Ncd7 16. Rxd7 Nxd7 17. Qxg7 Bf6 18. Ne4 Bxg7 19. Nd6+ Kd8 20. Nxf7+ Ke8
21. Nd6+ Kd8 22. Nf7+ Ke8 23. Nd6+ Kd8 1/2-1/2

[Event "XXXIII Memorial Edoardo Crespi Magistrale"]
[Site "Milano ITA"]
[Date "2012.12.04"]
[Round "4"]
[White "Tonndorf, Matthias"]
[Black "Motola, Jacopo"]
[WhiteElo "2234"]
[BlackElo "1993"]
[Result "1/2-1/2"]
[PlyCount "74"]
[EventDate "2012.12.01"]

1. e4 d5 2. exd5 Qxd5 3. Nc3 Qd6 4. Bc4 Nf6 5. d3 c6 6. Nge2 Bf5 7. O-O e6 8.
Bf4 Qd8 9. Ng3 Bg6 10. Re1 Be7 11. h4 h5 12. Bg5 O-O 13. Bxf6 Bxf6 14. Nxh5
Bxc3 15. bxc3 Qxh4 16. Ng3 Nd7 17. d4 Nf6 18. Be2 Rad8 19. Qb1 Nd5 20. Qb3 b5
21. Bf3 a5 22. a4 bxa4 23. Rxa4 Rb8 24. Qa3 Bxc2 25. Rxa5 Rb3 26. Qc1 Bg6 27.
Be4 Bxe4 28. Rxe4 Qh7 29. c4 Rfb8 30. Re1 Nc3 31. Qd2 Qg6 32. Rg5 Qh6 33. Nh5
g6 34. Nf6+ Kg7 35. Ng4 Qh4 36. Qf4 Rb1 37. Qe5+ Kf8 1/2-1/2

[Event "XXXIII Memorial Edoardo Crespi Magistrale"]
[Site "Milano ITA"]
[Date "2012.12.04"]
[Round "4"]
[White "Trella, Thomas"]
[Black "Andreoni, Giuseppe"]
[WhiteElo "2404"]
[BlackElo "2101"]
[Result "1-0"]
[PlyCount "105"]
[EventDate "2012.12.01"]

1. Nf3 c5 2. c4 g6 3. g3 Bg7 4. Bg2 Nc6 5. O-O d6 6. Nc3 Qd7 7. e3 Bxc3 8. dxc3
b6 9. e4 Bb7 10. Qe2 f6 11. Ne1 O-O-O 12. f4 e6 13. Be3 Qf7 14. Nd3 Nge7 15.
Rad1 h5 16. h3 Rhe8 17. b4 d5 18. bxc5 dxc4 19. Nb2 b5 20. a4 a6 21. Rd6 f5 22.
e5 Nd5 23. Bxd5 exd5 24. axb5 axb5 25. Bd4 Rxd6 26. cxd6 Nxd4 27. cxd4 Qd7 28.
Qd2 h4 29. gxh4 Qd8 30. Qb4 Qxh4 31. Qc5+ Kd7 32. Qc7+ Ke6 33. Kg2 Rh8 34. Qxb7
Qxh3+ 35. Kf2 Qh4+ 36. Ke2 Qg4+ 37. Ke1 Qh4+ 38. Kd1 Qd8 39. d7 Qa5 40. Qc6+
Ke7 41. Qf6+ Kxd7 42. Qg7+ Kc6 43. Qxg6+ Kc7 44. Qg7+ Kb6 45. Qf6+ Kc7 46. Qxh8
Qa1+ 47. Ke2 Qxb2+ 48. Kf3 Qc3+ 49. Kg2 Qc2+ 50. Rf2 Qe4+ 51. Kg3 Qe3+ 52. Kg2
Qe4+ 53. Kh2 1-0

[Event "XXXIII Memorial Edoardo Crespi Magistrale"]
[Site "Milano ITA"]
[Date "2012.12.04"]
[Round "4"]
[White "Welling, Gerard"]
[Black "Collutiis, Duilio"]
[WhiteElo "2338"]
[BlackElo "2495"]
[Result "1-0"]
[PlyCount "111"]
[EventDate "2012.12.01"]

1. b3 e5 2. Bb2 Nc6 3. e3 Nf6 4. Bb5 Bd6 5. Na3 Na5 6. Be2 a6 7. c4 O-O 8. Nc2
Nc6 9. Nf3 Re8 10. d4 exd4 11. Nfxd4 Ne5 12. O-O Bf8 13. Nf3 Ng6 14. Nd2 Rb8
15. Nd4 d5 16. N4f3 c6 17. a3 Bd6 18. Re1 Qe7 19. cxd5 cxd5 20. b4 Bf5 21. Rc1
Rbd8 22. Qb3 Be4 23. Bd4 Bxf3 24. Nxf3 Ne4 25. Qb2 f5 26. g3 Rf8 27. Bf1 Rd7
28. Bg2 a5 29. Rb1 axb4 30. axb4 Rc8 31. Bh3 Rf8 32. b5 h5 33. Qa2 Bb8 34. Rbd1
h4 35. Ba1 hxg3 36. hxg3 Qf7 37. Nd4 Ne7 38. Rc1 Rd6 39. Nf3 Rh6 40. Bg2 g5 41.
Qb2 Rh7 42. Rcd1 Qh5 43. Qb3 Rd8 44. Kf1 Bxg3 45. fxg3 g4 46. Ne5 Nxg3+ 47. Kf2
Qh4 48. Kg1 Qh2+ 49. Kf2 Ne4+ 50. Kf1 Rh3 51. Qb2 Rf8 52. Re2 Rh7 53. Nd7 f4
54. Bxe4 fxe3+ 55. Nf6+ Rxf6+ 56. Qxf6 1-0

[Event "XXXIII Memorial Edoardo Crespi Magistrale"]
[Site "Milano ITA"]
[Date "2012.12.05"]
[Round "5"]
[White "Aleksic, Nenad"]
[Black "Rambaldi, Francesco"]
[WhiteElo "2347"]
[BlackElo "2308"]
[Result "1/2-1/2"]
[PlyCount "33"]
[EventDate "2012.12.01"]

1. e4 Nf6 2. e5 Nd5 3. d4 d6 4. c4 Nb6 5. exd6 cxd6 6. Nc3 g6 7. Be3 Bg7 8. h4
h5 9. Rc1 O-O 10. b3 Nc6 11. d5 Ne5 12. Be2 Bf5 13. Nh3 Ng4 14. Bxg4 Bxg4 15.
Qd2 e5 16. Ng5 Nc8 17. f3 1/2-1/2

[Event "XXXIII Memorial Edoardo Crespi Magistrale"]
[Site "Milano ITA"]
[Date "2012.12.05"]
[Round "5"]
[White "Andreoni, Giuseppe"]
[Black "Tonndorf, Matthias"]
[WhiteElo "2101"]
[BlackElo "2234"]
[Result "0-1"]
[PlyCount "100"]
[EventDate "2012.12.01"]

1. e4 c5 2. Nf3 e6 3. d4 cxd4 4. Nxd4 a6 5. Nc3 Qc7 6. Be2 Nf6 7. O-O d6 8. Qd3
Nbd7 9. a4 b6 10. Qg3 Bb7 11. f3 Rc8 12. Rd1 g6 13. Kh1 e5 14. Nb3 Be7 15. Bh6
Rg8 16. Be3 g5 17. Qf2 h5 18. Qf1 Ra8 19. Bc4 g4 20. Rac1 h4 21. Nd5 Nxd5 22.
Bxd5 Bxd5 23. Rxd5 h3 24. gxh3 gxf3 25. Qxf3 Nf6 26. Rdd1 Qc6 27. Nd2 Kd7 28.
Re1 Rad8 29. Red1 Kc8 30. c4 Kb7 31. b3 Qd7 32. Rf1 Rh8 33. Qf5 Rxh3 34. Qxd7+
Rxd7 35. Rce1 Ng4 36. Bg1 Bg5 37. Nf3 Bf4 38. Kg2 Rh5 39. h3 Nf6 40. Bh2 Bxh2
41. Nxh2 Rg5+ 42. Kf3 Nh5 43. Rg1 Rxg1 44. Rxg1 Nf4 45. h4 f6 46. Ng4 Rh7 47.
Nxf6 Rxh4 48. Rg7+ Kc6 49. b4 Ne6 50. Re7 Rf4+ 0-1

[Event "XXXIII Memorial Edoardo Crespi Magistrale"]
[Site "Milano ITA"]
[Date "2012.12.05"]
[Round "5"]
[White "Astengo, Corrado"]
[Black "Coppola, Federico"]
[WhiteElo "2164"]
[BlackElo "1940"]
[Result "1-0"]
[PlyCount "95"]
[EventDate "2012.12.01"]

1. e4 c5 2. Nf3 d6 3. d4 cxd4 4. Nxd4 Nf6 5. Nc3 g6 6. Be3 Bg7 7. f3 O-O 8. Qd2
Nc6 9. O-O-O d5 10. exd5 Nxd5 11. Nxc6 bxc6 12. Bd4 Nxc3 13. Qxc3 Bh6+ 14. Be3
Bxe3+ 15. Qxe3 Qb6 16. Qxb6 axb6 17. a3 Be6 18. Bd3 Rfd8 19. h4 Kg7 20. Rhe1
Kf6 21. g4 h6 22. Be4 Rxd1+ 23. Rxd1 Rc8 24. Rd4 b5 25. Kd2 Ke5 26. Ke3 f5 27.
f4+ Kf6 28. g5+ Kf7 29. Bf3 hxg5 30. hxg5 c5 31. Rd1 Rc7 32. Rd8 Bc8 33. Be2 b4
34. a4 e6 35. Bc4 Ke7 36. Rh8 Kd6 37. Rg8 Bb7 38. Rxg6 Bd5 39. Bb5 Rh7 40. Rh6
Rg7 41. Rh8 Bc6 42. Bxc6 Kxc6 43. b3 Kd6 44. Kf3 e5 45. fxe5+ Kxe5 46. Re8+ Kd4
47. Kf4 Kc3 48. Re2 1-0

[Event "XXXIII Memorial Edoardo Crespi Magistrale"]
[Site "Milano ITA"]
[Date "2012.12.05"]
[Round "5"]
[White "Bemporad, Filippo"]
[Black "Pelizzola, Danilo"]
[WhiteElo "2046"]
[BlackElo "2062"]
[Result "0-1"]
[PlyCount "86"]
[EventDate "2012.12.01"]

1. d4 Nf6 2. Nf3 e6 3. g3 c5 4. Bg2 Nc6 5. c4 d5 6. O-O Be7 7. cxd5 exd5 8. b3
Be6 9. Bb2 Rc8 10. Nc3 O-O 11. dxc5 Bxc5 12. Nb5 Ne4 13. Nbd4 Qe7 14. Rc1 Rfd8
15. Nxc6 bxc6 16. Nd4 Nf6 17. b4 Bxd4 18. Qxd4 Bf5 19. Rfe1 Ne8 20. Rc5 f6 21.
Ra5 Rc7 22. e3 Nd6 23. Rd1 Nc4 24. Rc5 Nxb2 25. Qxb2 Rb8 26. Qc3 Be6 27. Rc1
Rcb7 28. a3 Bd7 29. Bf1 Be8 30. Bd3 Qe5 31. Qc2 h6 32. Bg6 Bd7 33. e4 Be8 34.
exd5 cxd5 35. Rc8 Re7 36. Qc5 Rxc8 37. Qxc8 Kf8 38. Rd1 d4 39. Qa8 Rd7 40. Bd3
Rc7 41. Kf1 Re7 42. Bc4 Qh5 43. Rxd4 Qh3+ 0-1

[Event "XXXIII Memorial Edoardo Crespi Magistrale"]
[Site "Milano ITA"]
[Date "2012.12.05"]
[Round "5"]
[White "Cani, Gazmir"]
[Black "Ricci, Marco"]
[WhiteElo "2147"]
[BlackElo "2084"]
[Result "1/2-1/2"]
[PlyCount "109"]
[EventDate "2012.12.01"]

1. d4 Nf6 2. c4 g6 3. Nc3 Bg7 4. e4 d6 5. Nf3 O-O 6. Be2 e5 7. O-O Nc6 8. d5
Ne7 9. b4 Nh5 10. Re1 a5 11. bxa5 Rxa5 12. a4 Nf4 13. Bf1 Ra8 14. Ba3 b6 15.
Bb4 f5 16. a5 fxe4 17. Nxe4 bxa5 18. Rxa5 Rxa5 19. Bxa5 Bg4 20. c5 Nf5 21. h3
Nxh3+ 22. gxh3 Nd4 23. hxg4 Nxf3+ 24. Kg2 Qh4 25. Qxf3 Rxf3 26. Kxf3 h5 27.
Bxc7 Qxg4+ 28. Ke3 dxc5 29. d6 Qf4+ 30. Kd3 Qf7 31. Kc3 Qf3+ 32. Re3 Qd1 33.
Bc4+ Kh8 34. Be6 Qc1+ 35. Kb3 Qb1+ 36. Kc4 Qa2+ 37. Rb3 Qa4+ 38. Kxc5 Qd4+ 39.
Kc6 Qxe4+ 40. Kd7 Kh7 41. Ke8 Qf4 42. Bf7 Bf6 43. d7 Kg7 44. Rb6 Qxf2 45. Bxg6
Bg5 46. Bxe5+ Kg8 47. Rf6 Bxf6 48. Bxf6 Qe2+ 49. Be7 Qb5 50. Bf7+ Kg7 51. Bf8+
Kf6 52. Be7+ Kg7 53. Bf8+ Kf6 54. Be7+ Kg7 55. Bf8+ 1/2-1/2

[Event "XXXIII Memorial Edoardo Crespi Magistrale"]
[Site "Milano ITA"]
[Date "2012.12.05"]
[Round "5"]
[White "Cattaneo, Marco"]
[Black "Lapiccirella, Mattia"]
[WhiteElo "2049"]
[BlackElo "2197"]
[Result "0-1"]
[PlyCount "106"]
[EventDate "2012.12.01"]

1. d4 Nf6 2. Nf3 c5 3. d5 e6 4. c4 exd5 5. cxd5 d6 6. Nc3 g6 7. h3 Bg7 8. e4
O-O 9. Bd3 Re8 10. O-O a6 11. a4 Nbd7 12. Re1 Nh5 13. g4 Nhf6 14. Bf4 Qc7 15.
a5 h5 16. g5 Nh7 17. Kg2 b5 18. axb6 Nxb6 19. Qd2 Bb7 20. Nh4 Nf8 21. Be3 Nfd7
22. f4 Kh7 23. f5 Be5 24. Rf1 Rf8 25. Be2 Rae8 26. Bxh5 gxh5 27. g6+ fxg6 28.
fxg6+ Kg8 29. Nf5 Nc4 30. Qe2 Nxe3+ 31. Qxe3 Bg7 32. Qg3 Re5 33. Rf4 Nf6 34.
Raf1 Bc8 35. Ne3 Qe7 36. Qh4 Nd7 37. Qxe7 Rxe7 38. Nf5 Rxf5 39. Rxf5 Ne5 40.
Rxh5 Nxg6 41. Rg5 Ne5 42. Rf6 Rb7 43. Nd1 Rb3 44. h4 Bh3+ 45. Kh1 Bg4 46. Nf2
Bf3+ 47. Kg1 Rxb2 48. Rg3 Rb1+ 49. Kh2 Rb2 50. Rgxf3 Nxf3+ 51. Rxf3 Bd4 52. Kg2
Re2 53. Kg3 c4 0-1

[Event "XXXIII Memorial Edoardo Crespi Magistrale"]
[Site "Milano ITA"]
[Date "2012.12.05"]
[Round "5"]
[White "Collutiis, Duilio"]
[Black "Colovic, Aleksandar"]
[WhiteElo "2495"]
[BlackElo "2457"]
[Result "0-1"]
[PlyCount "120"]
[EventDate "2012.12.01"]

1. Nf3 d5 2. c4 c6 3. g3 Bg4 4. Bg2 e6 5. O-O Nd7 6. d3 Ngf6 7. Nbd2 Bd6 8. Qc2
O-O 9. a3 a5 10. b3 Qe7 11. Re1 e5 12. e4 dxe4 13. dxe4 Bc5 14. Bb2 Rfd8 15. h3
Bh5 16. Ra2 Ne8 17. Rea1 Nc7 18. Bc3 Ne6 19. Qb2 Qf6 20. b4 axb4 21. axb4 Rxa2
22. Rxa2 Bxf3 23. Nxf3 Bd4 24. c5 Bxc3 25. Qxc3 Nd4 26. Rd2 Nf8 27. Nxd4 Rxd4
28. Rxd4 exd4 29. Qd3 g5 30. Bf3 Ng6 31. Bd1 Ne5 32. Qa3 d3 33. Qa8+ Kg7 34.
Qxb7 Nc4 35. Qd7 Qc3 36. Bh5 Qe1+ 37. Kg2 Qxe4+ 38. Kh2 Ne5 39. Qd8 h6 40. Qd6
Nc4 41. Qd7 Ne5 42. Qd6 Nf3+ 43. Bxf3 Qxf3 44. Qd4+ Kg6 45. Kg1 Qe2 46. Qd6+
Kg7 47. Qd4+ Kg6 48. Qc4 Qe1+ 49. Kg2 d2 50. Qd3+ Kg7 51. Qd4+ Kg8 52. Qd8+ Kh7
53. Qd3+ Kg7 54. Qd4+ Kg6 55. Qd3+ Kf6 56. Qd4+ Ke6 57. Qd6+ Kf5 58. g4+ Ke4
59. Qxc6+ Kd4 60. Qd6+ Kc3 0-1

[Event "XXXIII Memorial Edoardo Crespi Magistrale"]
[Site "Milano ITA"]
[Date "2012.12.05"]
[Round "5"]
[White "Esposito, Luca"]
[Black "Brunello, Sabino"]
[WhiteElo "2299"]
[BlackElo "2583"]
[Result "0-1"]
[PlyCount "76"]
[EventDate "2012.12.01"]

1. Nf3 Nf6 2. d4 g6 3. c4 Bg7 4. g3 c5 5. Bg2 Qa5+ 6. Nc3 Ne4 7. Qd3 cxd4 8.
Nxd4 Nc5 9. Qd2 Nc6 10. Ncb5 Qxd2+ 11. Kxd2 Nxd4 12. Nc7+ Kd8 13. Nxa8 b6 14.
Rb1 Bb7 15. Bxb7 Nxb7 16. b4 d6 17. Kd3 Kd7 18. Be3 e5 19. Nxb6+ axb6 20. a4
Ra8 21. Bxd4 exd4 22. Ra1 Nd8 23. Rhb1 Nc6 24. f4 Kc7 25. Ra3 Bf8 26. a5 bxa5
27. bxa5 Rxa5 28. Rxa5 Nxa5 29. Kxd4 Nc6+ 30. Kd5 Ne7+ 31. Kd4 Nc8 32. e4 Nb6
33. e5 Bg7 34. Re1 Kc6 35. Re2 Nd7 36. Re1 dxe5+ 37. fxe5 Nxe5 38. Rxe5 f5 0-1

[Event "XXXIII Memorial Edoardo Crespi Magistrale"]
[Site "Milano ITA"]
[Date "2012.12.05"]
[Round "5"]
[White "Facchetti, Gianni"]
[Black "Agrifoglio, Fabio"]
[WhiteElo "2102"]
[BlackElo "1984"]
[Result "0-1"]
[PlyCount "114"]
[EventDate "2012.12.01"]

1. e4 c5 2. Nf3 d6 3. d4 cxd4 4. Qxd4 Nc6 5. Bb5 Bd7 6. Bxc6 bxc6 7. c4 Nf6 8.
e5 dxe5 9. Nxe5 e6 10. O-O Qb6 11. Be3 Qxd4 12. Bxd4 c5 13. Be3 Bd6 14. Nxd7
Kxd7 15. Nc3 Kc6 16. h3 Rhd8 17. Na4 Be7 18. Rfd1 Nd7 19. b3 Nb6 20. Nxb6 axb6
21. Rxd8 Rxd8 22. Rc1 Bf6 23. Kf1 Bd4 24. Rd1 e5 25. f4 f6 26. fxe5 fxe5 27.
Ke2 Ra8 28. Rd2 Rf8 29. Kd3 Rf1 30. Re2 Kd6 31. Bg5 Rf8 32. Bh4 g6 33. Re1 Rf5
34. Ke2 Kc6 35. Rf1 b5 36. cxb5+ Kxb5 37. g4 Rxf1 38. Kxf1 Kb4 39. Ke2 e4 40.
Kd2 Ka3 41. Kc2 Kxa2 42. Bg3 Ka3 43. Be1 Bg1 44. Ba5 Bf2 45. Bb6 Kb4 46. Kd2
Kxb3 47. Ke2 Bd4 48. Kd2 Kc4 49. Ke2 Kd5 50. Ba5 c4 51. Bd2 c3 52. Bc1 c2 53.
Kd2 e3+ 54. Kxc2 Ke4 55. Ba3 Kf3 56. Kd3 e2 57. Bb4 Bf2 0-1

[Event "XXXIII Memorial Edoardo Crespi Magistrale"]
[Site "Milano ITA"]
[Date "2012.12.05"]
[Round "5"]
[White "Jara, Erik"]
[Black "Napoli, Nicolo'"]
[WhiteElo "2173"]
[BlackElo "2296"]
[Result "0-1"]
[PlyCount "66"]
[EventDate "2012.12.01"]

1. c4 b6 2. Nf3 Bb7 3. g3 e5 4. Bg2 f5 5. d3 Nf6 6. O-O Qe7 7. Nc3 g6 8. e4
fxe4 9. Ng5 Bg7 10. Ngxe4 Nxe4 11. Nxe4 Nc6 12. Bg5 Qe6 13. Qd2 h6 14. Be3
O-O-O 15. Rac1 Kb8 16. Kh1 g5 17. b4 g4 18. b5 Ne7 19. Qc2 h5 20. c5 Nd5 21.
Bg5 Rdf8 22. cxb6 cxb6 23. Qb3 Rf5 24. Bh4 Bh6 25. Rc2 Rhf8 26. a4 Be3 27. Kg1
Bd4 28. Rfc1 Qf7 29. Nd6 Rxf2 30. Rxf2 Qxf2+ 31. Kh1 Qxg2+ 32. Kxg2 Ne3+ 33.
Kg1 Nf1# 0-1

[Event "XXXIII Memorial Edoardo Crespi Magistrale"]
[Site "Milano ITA"]
[Date "2012.12.05"]
[Round "5"]
[White "Lavorgna, Giovanni"]
[Black "Salmoiraghi, Angelo"]
[WhiteElo "2035"]
[BlackElo "2174"]
[Result "0-1"]
[PlyCount "100"]
[EventDate "2012.12.01"]

1. e4 c5 2. Nf3 d6 3. Bb5+ Nd7 4. O-O a6 5. Be2 Ngf6 6. Nc3 b5 7. d3 g6 8. Bf4
e5 9. Bg5 h6 10. Be3 Bg7 11. h3 O-O 12. Qd2 Kh7 13. a3 Bb7 14. Rae1 Qc7 15. Nh2
d5 16. exd5 b4 17. axb4 cxb4 18. Na2 b3 19. cxb3 Nxd5 20. Nc3 Nxe3 21. fxe3 Qb6
22. Bf3 Qxb3 23. Bxb7 Qxb7 24. e4 Rab8 25. Re2 Nc5 26. Ref2 Ne6 27. g3 Nd4 28.
Nf3 Nb3 29. Qd1 Nc5 30. Qd2 Rbd8 31. Nd5 Rxd5 32. exd5 Qxd5 33. Ne1 f5 34. Kh2
Rd8 35. g4 Ne4 36. dxe4 Qxd2 37. Rxd2 Rxd2+ 38. Kg3 f4+ 39. Kf3 Rxb2 40. Nd3
Rd2 41. Nc5 Rh2 42. Rd1 Rxh3+ 43. Kf2 Rh2+ 44. Kf3 Rc2 45. Nxa6 Bf6 46. Nb4 Rb2
47. Rd7+ Kg8 48. Rb7 Bh4 49. Rb8+ Kf7 50. Rb7+ Ke8 0-1

[Event "XXXIII Memorial Edoardo Crespi Magistrale"]
[Site "Milano ITA"]
[Date "2012.12.05"]
[Round "5"]
[White "Loehnhardt, Benjamin"]
[Black "Lapiccirella, Daniele"]
[WhiteElo "2073"]
[BlackElo "2210"]
[Result "0-1"]
[PlyCount "80"]
[EventDate "2012.12.01"]

1. e4 c5 2. Nf3 e6 3. d4 cxd4 4. Nxd4 Nc6 5. Nb5 d6 6. c4 Nf6 7. N1c3 a6 8. Na3
b6 9. Be2 Bb7 10. f3 Ne5 11. Be3 Ned7 12. Rc1 Be7 13. O-O O-O 14. Qd2 Qc7 15.
Rfd1 Rac8 16. Qe1 Qb8 17. Qf2 Bd8 18. Qg3 Kh8 19. Qxd6 Bc7 20. Qe7 Bxh2+ 21.
Kf1 Bc6 22. Nc2 Rfe8 23. Qa3 Qe5 24. Nb4 Bb7 25. Nd3 Qh5 26. Na4 Bg3 27. Nf2
Qh2 28. Nxb6 Nxb6 29. Bxb6 Nh5 30. Nh3 f5 31. Bg1 Qh1 32. Qe3 fxe4 33. Rd7 Bc6
34. Rcd1 Bh4 35. Rxg7 Nxg7 36. Qh6 exf3 37. Bxf3 Bxf3 38. Nf4 Bxd1 39. Ng6+ Kg8
40. Nxh4 Rxc4 0-1

[Event "XXXIII Memorial Edoardo Crespi Magistrale"]
[Site "Milano ITA"]
[Date "2012.12.05"]
[Round "5"]
[White "Maiorov, Nikita"]
[Black "Stromboli, Carlo"]
[WhiteElo "2541"]
[BlackElo "2326"]
[Result "1-0"]
[PlyCount "61"]
[EventDate "2012.12.01"]

1. d4 Nf6 2. c4 e6 3. Nc3 d5 4. cxd5 exd5 5. Bg5 c6 6. e3 Be7 7. Bd3 Bg4 8. Qb3
Qb6 9. Qc2 Bh5 10. Nge2 Bg6 11. Ng3 Bxd3 12. Qxd3 O-O 13. Nf5 Bd8 14. O-O Nh5
15. f4 Nd7 16. Bxd8 Qxd8 17. g4 Nhf6 18. g5 Ne8 19. Rf3 g6 20. Nh6+ Kg7 21. e4
f6 22. h4 Nc7 23. exd5 Nxd5 24. Nxd5 cxd5 25. Re1 Re8 26. Rfe3 Rxe3 27. Qxe3
Nb6 28. Qe7+ Qxe7 29. Rxe7+ Kh8 30. gxf6 Rf8 31. Rg7 1-0

[Event "XXXIII Memorial Edoardo Crespi Magistrale"]
[Site "Milano ITA"]
[Date "2012.12.05"]
[Round "5"]
[White "Manfredi, Vincenzo"]
[Black "Moroni, Luca jr"]
[WhiteElo "2230"]
[BlackElo "2114"]
[Result "0-1"]
[PlyCount "146"]
[EventDate "2012.12.01"]

1. Nf3 d5 2. c4 e6 3. d4 Nf6 4. Bg5 c6 5. e3 Nbd7 6. Bd3 Qa5+ 7. Nbd2 dxc4 8.
Bxf6 Nxf6 9. Bxc4 Bd6 10. a3 O-O 11. O-O e5 12. b4 Qc7 13. dxe5 Bxe5 14. Nxe5
Qxe5 15. Nf3 Qe7 16. Qd4 Be6 17. Bxe6 Qxe6 18. Rfd1 Qe7 19. Qh4 a5 20. Rd4 Rfd8
21. Rad1 axb4 22. axb4 Rxd4 23. Qxd4 g6 24. h3 Ra4 25. Qd6 Kf8 26. Qf4 Kg7 27.
Nd4 Rxb4 28. Qg5 Qe4 29. g4 h6 30. Qc5 Rb2 31. Qc3 Rb1 32. Rxb1 Qxb1+ 33. Kg2
Qe4+ 34. f3 Qe7 35. h4 Kh7 36. e4 Qe5 37. Qc4 Kg7 38. Qc3 Kh7 39. Qc4 Kg8 40.
Ne2 Ne8 41. Qc1 Kg7 42. h5 g5 43. Ng3 Nd6 44. Qa3 c5 45. Qa8 Kh7 46. Qf8 c4 47.
Nf5 Nxf5 48. gxf5 Qf6 49. Qc5 c3 50. Kh3 b6 51. Qc7 Kg7 52. Qc4 Qe5 53. Kg2 Qc5
54. Qa2 c2 55. Qa1+ Kh7 56. Qc1 b5 57. e5 b4 58. e6 fxe6 59. fxe6 b3 60. e7
Qxe7 61. Qa1 Qc7 62. Qf6 c1=Q 63. Qg6+ Kh8 64. Qxh6+ Kg8 65. Qg6+ Kf8 66. Qf6+
Ke8 67. Qe6+ Kd8 68. Qd5+ Qd7 69. Qa8+ Ke7 70. Qe4+ Kf6 71. Qg6+ Ke7 72. Qg7+
Kd8 73. Qf8+ Kc7 0-1

[Event "XXXIII Memorial Edoardo Crespi Magistrale"]
[Site "Milano ITA"]
[Date "2012.12.05"]
[Round "5"]
[White "Marholev, Dimitar"]
[Black "Sardo, Gabriele"]
[WhiteElo "2313"]
[BlackElo "2178"]
[Result "1-0"]
[PlyCount "101"]
[EventDate "2012.12.01"]

1. e4 c5 2. Nc3 Nc6 3. Bb5 g6 4. Bxc6 bxc6 5. d3 Bg7 6. Nge2 d6 7. O-O Nh6 8.
h3 O-O 9. f4 f5 10. Qe1 Rb8 11. Rb1 Ba6 12. b3 c4 13. dxc4 Bxc4 14. Bb2 Ba6 15.
Rf3 c5 16. Ng3 Bb7 17. Nd1 e6 18. Bxg7 Kxg7 19. Nc3 Nf7 20. Rd1 Qa5 21. Rf2
Rfe8 22. Re2 Bc6 23. Kh2 Qb4 24. a3 Qxa3 25. Ra1 Qb4 26. Rxa7 Ra8 27. Rxa8 Rxa8
28. exf5 exf5 29. Re7 Qxf4 30. Rc7 Re8 31. Qa1 Ba8 32. Nce4+ Qe5 33. Qxe5+ dxe5
34. Nd6 Rf8 35. c4 Kf6 36. Nxf7 Rxf7 37. Rxc5 Ra7 38. Nf1 f4 39. Nd2 Ra2 40.
Rc8 Bxg2 41. Kxg2 Rxd2+ 42. Kf1 Kf5 43. c5 Ke4 44. c6 f3 45. c7 Ke3 46. Rd8
Rf2+ 47. Kg1 Rg2+ 48. Kh1 Kf2 49. Rd2+ Kf1 50. Rd1+ Ke2 51. Rc1 1-0